Design of concrete structures (Record no. 3622)

000 -LEADER
fixed length control field 00547nam a22002057a 4500
001 - CONTROL NUMBER
control field 3622
003 - CONTROL NUMBER IDENTIFIER
control field BD-DhUET
008 - FIXED-LENGTH DATA ELEMENTS--GENERAL INFORMATION
fixed length control field 141102b xxu||||| |||| 00| 0 eng d
040 ## - CATALOGING SOURCE
Transcribing agency 0
Modifying agency BD-DhUET
082 ## - DEWEY DECIMAL CLASSIFICATION NUMBER
Classification number 624.183
Item number WIN/1972
100 ## - MAIN ENTRY--PERSONAL NAME
Personal name Winter, George
245 ## - TITLE STATEMENT
Title Design of concrete structures
Statement of responsibility, etc. by George Winter and Arthur H. Nilson
250 ## - EDITION STATEMENT
Edition statement 8th ed.
260 ## - PUBLICATION, DISTRIBUTION, ETC. (IMPRINT)
Place of publication, distribution, etc. New York
Name of publisher, distributor, etc. McGraw-Hill
Date of publication, distribution, etc. 1972
300 ## - PHYSICAL DESCRIPTION
Extent xii,615p.
504 ## - BIBLIOGRAPHY, ETC. NOTE
Bibliography, etc Includes bibliographies
650 #0 - SUBJECT ADDED ENTRY--TOPICAL TERM
Topical term or geographic name as entry element Reinforced concrete
700 ## - ADDED ENTRY--PERSONAL NAME
Personal name Nilson, Arthur H.
942 ## - ADDED ENTRY ELEMENTS (KOHA)
Koha item type General Book
Holdings
Date acquired Location (home branch) Koha full call number Sublocation or collection (holding branch) Koha date last borrowed Withdrawn status Koha normalized classification for sorting Koha date last seen Koha issues (times borrowed) Not for loan Koha item type Damaged status Shelving location Source of classification or shelving scheme Piece designation (barcode) Price effective from Copy number Lost status
2014-11-02Central Library, BUET624.183/WIN/1972Central Library, BUET2025-05-26 624_183000000000000_WIN_19722025-06-182 General Book Circulation section 398702014-11-021 
2014-11-02Central Library, BUET624.183/WIN/1972Central Library, BUET2025-05-26 624_000000000000000_183WIN19722025-05-281 General Book Circulation section 442532014-11-022 
2014-11-18Central Library, BUET624.183/WIN/1972Central Library, BUET  624_000000000000000_183WIN19722014-11-18  General Book Circulation section 398692014-11-183 
2014-11-18Central Library, BUET624.183/WIN/1972Central Library, BUET  624_000000000000000_183WIN19722014-11-18  General Book Circulation section 398712014-11-184 
2015-02-22Central Library, BUET624.183/WIN/1972Central Library, BUET2025-05-27 624_183000000000000_WIN_19722025-06-282 General Book Circulation section 428442015-02-225 
2015-02-22Central Library, BUET624.183/WIN/1972Central Library, BUET  624_183000000000000_WIN_19722015-02-22  General Book Circulation section 549302015-02-226 
2015-05-07Central Library, BUET624.183/WIN/1972Central Library, BUET2025-05-26 624_183000000000000_WIN_19722025-05-271 General Book Circulation section 451122015-05-077